Famous Fivesomes II Quiz Stats

 Plays Quiz Updated Jan 11, 2019

     
Support Sporcle.
Go Orange.
Score 0/80 Timer 10:00
60 Plays Today
% Correct
California
96.4%
Washington
94%
Queen of Spades
93.4%
Bart Simpson
91.1%
Orange Bowl
91%
Orange (Orange)
91%
Homer Simpson
90.6%
Oregon
90.1%
Sweetness
89.4%
Marge Simpson
88.5%
King of Spades
87.8%
Ace of Spades
87.4%
Jack of Spades
87.1%
Thumb
86.7%
Ten of Spades
86.6%
Index
86.3%
Lisa Simpson
86.1%
Lemon (Yellow)
85.1%
Pinky
85%
Alaska
84.6%
Middle
83.7%
Hawaii
83.6%
Ring
83.3%
Lime (Green)
82.4%
Manhattan
81.6%
Strawberry (Red)
80.7%
Charlie Bucket
80.5%
Sourness
80.3%
Veruca Salt
79.6%
Maggie Simpson
79.2%
The Bronx
78.7%
China
78.6%
Queens
77%
Blackcurrant (Purple)
76.6%
Brooklyn
75.5%
Justin Timberlake
73.9%
Bitterness
73.8%
Saltiness
70.8%
Rose Bowl
70.8%
North Korea
66.6%
% Correct
Los Angeles Angels
65.2%
Los Angeles Dodgers
64.1%
Cuba
62.3%
Oakland Athletics
61.4%
Physiological
59.7%
San Francisco Giants
58.8%
San Diego Padres
54.6%
Staten Island
54.5%
Lance Bass
51.6%
Sugar Bowl
50.8%
Mammals
50.4%
Augustus Gloop
48.8%
Violet Beauregarde
48.8%
Mike Teavee
46.9%
Fiesta Bowl
46.4%
Reptiles
43.7%
Joey Fatone
43.6%
Birds
42.1%
Fish
41.4%
Vietnam
40.3%
Social
39.4%
Amphibians
37.7%
JC Chasez
34.6%
BCS National Championship Game
30.6%
Savoriness (Umami)
28.3%
Salah (Prayers)
24.4%
Chris Kirkpatrick
24.1%
Hajj (Pilgrimage to Mecca)
22.5%
Chlorine
22%
Laos
21.8%
Fluorine
20.8%
Safety
20.7%
Iodine
18.1%
Bromine
17.8%
Zakah (Giving of Alms)
16.5%
Sawm (Fasting)
15.7%
Self-Actualization
12.8%
Shahada (Profession of Faith)
10.1%
Self-Esteem
9.4%
Astatine
8.2%

From the Vault

Oscar Winner By Role II

by sobdennis

Movies 6m
And the winner is...
Remove Ads.
Support Sporcle.
Get the best of Sporcle when you Go Orange. This ad-free experience offers more features, more stats, and more fun while also helping to support Sporcle. Thank you for becoming a member.

Show Comments

Extras

Top Quizzes Today


Score Distribution

Your Account Isn't Verified!

In order to create a playlist on Sporcle, you need to verify the email address you used during registration. Go to your Sporcle Settings to finish the process.

Report this User

Report this user for behavior that violates our Community Guidelines.

Details: